| 000 | 00415pam a2200181a 44500 | ||
|---|---|---|---|
| 008 | 230405s2005 xxu||||| |||| 00| 0 eng d | ||
| 041 | _aENG | ||
| 100 | _aAbraham Siberschatz | ||
| 245 | _aDatabase System Concepts | ||
| 250 | _a5 | ||
| 260 |
_a _bTata MacGraw Hill _c2005 |
||
| 300 | _a1142p,24cms | ||
| 440 | _a352 | ||
| 690 | _aMCA | ||
| 700 | _aS.Sudarshan | ||
| 700 | _aHenry F. Korth | ||
| 906 | _a6155 | ||
| 999 |
_c259014 _d259014 |
||